| 000 | 00662nam a2200253Ia 4500 | ||
|---|---|---|---|
| 005 | 20250425161745.0 | ||
| 008 | 250425s9999 xx 000 0 und d | ||
| 020 | _a8480552662 | ||
| 041 | _aspa | ||
| 082 | _a629.2 | ||
| 110 | _aCULTURAL EDICIONES | ||
| 245 | 0 | _aMANUAL DEL AUTOMOVIL, REPARACION Y MANTENIMIENTO: EL MOTOR DE GASOLINA | |
| 250 | _a1A ED. | ||
| 260 |
_aEspaƱa _bCULTURAL _c1999 |
||
| 260 | _aMADRID | ||
| 300 | _a253 | ||
| 650 | _aCOMPONENTES DEL MOTOR | ||
| 650 | _aMANTENIMIENTO | ||
| 650 | _aMOTORES DE GASOLINA | ||
| 650 | _aSISTEMAS DE INYECCION | ||
| 650 | _aTECNOLOGIA AUTOMOVILISTICA | ||
| 942 | _c01 | ||
| 010 | _a27954 | ||
| 999 |
_c215521 _d215521 |
||